000 06119nab a2200301 4500
003 BR-BrBNA
005 20250831233001.0
008 250831b2024 bl.fr|pooa||| 00| 0 eng |
040 _aBR-BrBNA
_bpor
072 _aF01 ; P06
_b0240 ; 3530
100 _aSousa, Johann Pereira
100 _aLima, Claudio
245 _aAnalysis of seed dormancy breakage and seedling growth in sweet sorghum (Sorghum bicolor L.) through the electrical stimulation method: a scientific perspective aimed at promoting bioethanol production
500 _aSummaries (En, Pt); 33 ref.; 8 illus.; 1 table
520 _aThis pioneering study meticulously focused on the underexplored realm of sweet sorghum (Sorghum bicolor L.), utilizing commercial seeds to mitigate potential biases. The research intricately interwove the intricate facets of electrical stimulation, delineating its profound implications on the estimative bioethanol production of sweet sorghum, with potential extrapolation to future investigations involving sugarcane. Executed within the controlled confines of a greenhouse, after seed treatment procured from a local market, the commercial seeds underwent an electrifying metamorphosis. In the pursuit of enhancing the fresh biomass output of sweet sorghum, a nuanced interplay with electrical currents transpired. Noteworthy findings surfaced, elucidating that the attainment of optimal outcomes necessitated meticulous control over the applied electrical current. The identified optimal parameter advocated maintaining a conservative threshold of 50 mA during a seed treatment duration spanning approximately 15 min. However, as the experimental cadence intensified, the narrative evolved with a bold revelation, indicating that exploration of higher electrical currents, peaking at 150 mA, could yield favorable results under the condition of a truncated seed treatment time, notably as brief as 5 min. The delicate equilibrium achieved in this electrical choreography presented a compelling prospect for redefining the production paradigm of sweet sorghum. After analyzing the germination results, the estimative production projections derived from treatment #3 paint a vivid picture of the sorghum biomass production potential. A visionary forecast materialized, envisioning an impressive 25 t/ha of sweet sorghum, coupled with a remarkable total conversion rate into bioethanol reaching 1.5 million cubic meters. This transcendence transcends the boundaries of a conventional study; it signifies a leap into the future, pushing the envelope of conventional wisdom in the relentless pursuit of innovation in sustainable energy. Keywords: Saccharine sources, electro-culture, seedlings, biomass, biofuel
520 _aAnálise da quebra de dormência de sementes e do crescimento das plântulas de sorgo sacarino (Sorghum bicolor L.), por meio do método de estímulo elétrico: uma visão científica voltada para o incentivo da produção de bioetanol. Este estudo pioneiro concentrou-se meticulosamente no domínio pouco explorado da produção de sorgo sacarino (Sorghum bicolor L.), utilizando sementes comerciais para mitigar possíveis viéses. A pesquisa entrelaçou de maneira elaborada as facetas complexas da estimulação elétrica, delineando suas profundas implicações na estimativa de produção de bioetanol do sorgo sacarino, compossíveis extrapolações para futuras investigações envolvendo a cana-de-açúcar. Executado dentro dos limites controlados de uma estufa, após o tratamento das sementes adquiridas em um mercado local, as sementes comerciais passaram por uma metamorfose eletrizante. Na busca por aprimorar a produção de biomassa fresca do sorgo sacarino, uma interação sutil com correntes elétricas transcorreu. Descobertas notáveis emergiram, esclarecendo que a obtenção de resultados ótimos demandava um controle meticuloso da corrente elétrica aplicada. O parâmetro ótimo identificado preconizava a manutenção de um limiar conservador de 50 mA durante um período de tratamento das sementes com duração de aproximadamente 15 min. Entretanto, à medida que a cadência experimental se intensificava, a narrativa evoluía com uma revelação audaciosa, indicando que a exploração de correntes elétricas mais elevadas, atingindo 150 mA, poderia gerar resultados favoráveis sob a condição de um tempo de tratamento de sementes truncado, notadamente tão breve quanto 5 min. O equilíbrio delicado alcançado nessa coreografia elétrica apresentava uma perspectiva convincente para redefinir o paradigma de produção do sorgo sacarino. Após análise dos resultados de germinação, as projeções estimativas de produção derivadas do tratamento #3 nos trazem um quadro vívido do potencial de produção de biomassa de sorgo. Uma previsão visionária se concretizou, projetando impressionantes 25 toneladas por hectare de sorgo sacarino, acompanhadas de uma notável taxa de conversão total em bioetanol atingindo 1,5 milhão de metros cúbicos. Esta transcendência vai além de um estudo convencional; ela representa um salto para o futuro, empurrando os limites da sabedoria convencional na incessante busca por inovação em energia sustentável. Palavras-chaves: Fontes sacarinas, eletrocultura, mudas, biomassa, biocombustível
650 _aSORGO SACARINO
650 _aSEMENTE
650 _aQUEBRA DA DORMÊNCIA
650 _aMUDA
650 _aELETRICIDADE
650 _aBIOMASSA
650 _aBIOCOMBUSTÍVEL
773 0 _04944
_9346139
_dUniversidade Federal de Tocantins. Centro de Monitoramento Ambiental e Manejo do Fogo 2010
_o2024-6787
_tJournal of Biotechnology and Biodiversity (Brazil)
_x2179-4804
_gv. 12(1) p. 60-69; (2024)
_wBR2025002176
856 _uhttps://docs.uft.edu.br/s/-CBaEy0NRKm0EQLUDYn10Q
942 _cANA
999 _c337923
_d337923